000 00461nam a2200157Ia 4500
008 151021s9999 xx 000 0 und d
020 _a201725878
050 _aQA135.6.B43 2005
245 _a_Mathematics For elementary teachers Sybilla beckmann
260 _aBoston Pearson 2005
300 _axxi,733p.;ill
500 _aInclude index
500 _aInclude index
650 _a_Mathematics study and teaching
980 _a^d20120830 01:27:29^okorir
999 _c12702
_d12702